Biggest Cities in Any Guinea - Statistics

General Stats
  • This quiz has been taken 29 times
  • The average score is 6 of 20
Answer Stats
Country Population City % Correct
Guinea-Bissau 387,909 Bissau
96%
Guinea 1,660,973 Conakry
92%
Equatorial Guinea 132,440 Malabo
88%
Papua New Guinea 364,125 Port Moresby
85%
Guyana 118,369 Georgetown
58%
Suriname 240,924 Paramaribo
38%
Equatorial Guinea 132,235 Bata
27%
Papua New Guinea 148,934 Lae
23%
Guinea 190,722 Kankan
15%
Guinea 138,695 Kindia
12%
Guinea 195,027 Nzérékoré
12%
Venezuela 425,000 Ciudad Bolívar
8%
Venezuela 893,400 Ciudad Guayana
8%
Indonesia 233,859 Jayapura
8%
Brazil 500,070 Macapá
4%
Guinea 127,492 Siguiri
4%
Indonesia 118,017 Sorong
4%
Venezuela 116,300 Puerto Ayacucho
0%
Brazil 122,160 Santana
0%
Indonesia 106,529 Timika
0%
No matching quizzes found
Score Distribution
Percent of People with Each Score
Percentile by Number Answered
Your Score History
You have not taken this quiz